00577nam a2200193Ia 4500008004100000020001800041082000800059100002300067245005400090250000600144260003900150300001600189500002400205650001600229700002400245942000700269952009000276999001700366230524s9999 xx 000 0 und d a9789381141724 bBHA aGeeta Bhatt942997 0aExperiments Based on Analog & Digital Electronics a1 aNew DelhibI.K.Internationalc2012 a"xii,213P;" aQuantity Number: 1 aElectronics aGeeta Mongia942998 cBK 00104070aTATCLbTATCLcGENd2023-05-24l0o BHAp54237r2023-05-24w2023-05-24yBK c57946d57946